[Event "SGA-kamp."]
[Site "?"]
[Date "2002.03.10"]
[Round "7"]
[White "Tan, Kevin"]
[Black "Witt, Rob"]
[Result "0-1"]
[WhiteElo "2165"]
[BlackElo "2234"]
[Annotator "Witt,Rob"]
[PlyCount "78"]

{De laatste ronde. Er stond niks meer op het spel, behalve dan dat de winnaar
nog zijn inschrijfgeld zou kunnen terugwinnen. Ik wist dat de jonge Tan niet
te onderschatten is want hij had in de 6e ronde nog remise gemaakt tegen Eelke
Wiersma.} 1. e4 e6 2. d4 d5 3. Nc3 Bb4 4. e5 Ne7 5. a3 Bxc3+ 6. bxc3 b6 {
Tegen een jonge speler is het vaak lucratief om vergeten systemen van stal te
halen. Dit is het zgn. Ivkov-Matulovicsysteem. Ivkov won er eens een fraaie
parij mee tegen Fischer. Begin jaren 70 is het in onbruik geraakt, o.a. door
een beroemde partij Timman-Ivkov, IBM 1971.} 7. Qg4 Ng6 8. h4 h5 9. Qg3 {
Het was me al eerder opgevallen dat spelers die dit systeem niet kennen, zeeen
van tijd gaan gebruiken , maar juist deze damezet a tempo spelen. Zowel 9.Df3
als vooral 9.Dd1 zijn betere alternatieven.} Ba6 10. Nf3 $2 ({Gebruikelijk is} 
10. Bxa6 Nxa6 11. Ne2 {waarna zwart met Pa6-b8 weer tijd moet verliezen om dit
paard naar betere velden te derigeren. Ik had dit voor het laatst op het bord
in de beslissingsmatch tegen Luberti. Dat is weliswaar geen jonge speler, maar
zijn algemene ontwikkeling laat te wensen over, zodat ik vrij eenvoudig won.})
({Een andere mogelijkheid is} 10. Ne2 Qd7 11. Nf4 Nxf4 12. Bxf4) 10... Bxf1 11.
Rxf1 {Kevin had het idee dat hij snel met f2-f4-f5 zou kunnen werken.} Qd7 12.
Be3 Nc6 {Ik wilde snel een paard naar f5 werken.} ({Een ander idee is} 12...
Qa4 13. Kd2 Nd7 14. Ng5 Ne7 {gevolgd door c5.}) 13. Qg5 Nce7 14. Nh2 {Wit wil
g4 spelen, maar dat kon niet meteen.} (14. g4 f6 $1 15. exf6 gxf6 16. Qxf6 Rf8
17. Qg5 Rxf3 {en wit heeft geen compensatie voor het stuk.}) 14... Nf5 15. g4
hxg4 16. h5 Nge7 17. Nxg4 O-O-O ({Nog sterker was wellicht} 17... Qa4 18. Kd2
c5) 18. Kd2 Kb8 ({Ik heb ook gedacht aan} 18... Rh7 19. Rh1 Rdh8 {maar ik zag
niet zo goed hoe zwart dan verder komt.}) 19. Rh1 Rc8 20. h6 gxh6 21. Nxh6 Rxh6
22. Rxh6 Nxh6 23. Qxh6 Nf5 {Wit nog 11', zwart 33'.} 24. Qh1 Ne7 $6 25. Qh7 Nf5
26. Qh1 {Zwart staat natuurlijk goed, maar ik zag niet zo gauw wat nu het
beste plan is. Dat komt door een dogmatische manier van denken. Ik ben zo
verknocht aan mijn mooie paard dat ik niet op het idee kom dat het soms goed
is om op e3 die waardeloze loper te ruilen. Als je dat beseft is het duidelijk
dat je nu of op de volgende zet c5-c5 moet spelen. Na een evt. dxc5 sla je dan
eerst op e3 en dan met de toren op c5.} Qa4 27. Qb1 Rh8 $2 (27... c5 28. Qb3
Qa5 29. Ke2 cxd4 $6 {Dit moet je pas doen als het echt iets oplevert.} (29...
Rh8 $5) 30. cxd4 Rc4 31. Qb2 Qa4 32. Kd3 {maar zelfs dit is niet zo makkelijk.}
) 28. Qb4 Qc6 29. Rg1 a5 30. Qb3 {Wit: 4' , zwart 20'.} Ka7 31. a4 Ka6 $2 {
Ik wilde b5 voorbereiden maar dat levert vooralsnog niks op.} 32. Kd3 $1 Rb8 $2
(32... Rh2 $5 {is nog altijd iets beter voor zwart. Zoals wel vaker in dit
toernooi kan ik zelf niet meer helder denken als mijn tegenstander in tijdnood
zit.}) 33. c4 {Op de een of andere manier was me totaal ontgaan dat wit dit
ooit kon spelen. Mijn voordeel is al verdwenen.} Rd8 $2 34. cxd5 $2 (34. Qb5+ {
is al beter voor wit.}) 34... Rxd5 35. Rg8 $2 {Wit wilde voorkomen dat mijn
toren terug kon naar d8.} (35. c4 Rd8 36. Qb5+ Qxb5 37. axb5+ Kb7 38. Ke4 $14)
35... Qd7 $1 {Nu is alles weer OK voor zwart.} 36. Qc4+ Kb7 37. f4 $2 {
Verhindert weliswaar de dreiging Txe5 maar} ({Noodzakelijk was} 37. Kc3 c6 {
maar zwart staat duidelijk beter.}) 37... f6 $3 {Misschien wel mijn enige echt
goeie zet in het toernooi. Kevin heeft geen tijd meer om het idee ervan te
zien.} 38. exf6 $2 {Maar was geen bevredigende voortzetting meer.} (38. Rf8 Qh7
$1 39. Kd2 fxe5 40. fxe5 Nxd4 41. Bxd4 Qh6+) ({Het taaiste was nog} 38. Rg2
fxe5 39. fxe5 Rxe5 40. Re2 Rc5 41. Qb3 e5 $19) 38... Qh7 39. Rg5 (39. f7 Nd6+
40. Kc3 Qxf7 $19) 39... Nd6+ {en Kevin feliciteerde me beleefd. De vorige keer
dat ik van hem won bij AKN mopperde hij tegen een paar vriendjes: shit, shit,
shit, verloren van een.. . een... een... (rest gecensureerd).} 0-1

[Event "Vastned/R'dam-Euwe"]
[Site "?"]
[Date "2002.03.16"]
[Round "7"]
[White "Jonkman, Harm"]
[Black "Witt, Rob"]
[Result "1/2-1/2"]
[WhiteElo "2449"]
[BlackElo "2234"]
[Annotator "Witt,Rob"]
[PlyCount "68"]

{De voorbereiding tegen Vastned Rotterdam was weer lastig. Ik wat partijen
nagespeeld van Winants, Schmaltz en Jonkman. Ik had me moeten realiseren dat
er ook een bundesligaweekend was, waarmee de kans op Schmaltz tot nul
gereduceerd was. Heb je dit gelezen, Sander? Bij Jonkman moest ik kezen tussen
de Franse doorschuifvariant en Siciliaans met c3. In de wetenschap dat Jonkman
in beide een specialist is, koos ik voor de statistische approach. Waarmee
scoort Jonkman het minst. Dat bleek Siciliaans te zijn met 2.c3 d5. Aldus
geschiedde.} 1. e4 c5 2. c3 d5 {Eigenlijk vind ik 2....Pf6 veel interessanter
maar Jonkman scoort daar goed tegen.} 3. exd5 Qxd5 4. d4 Nf6 5. Nf3 e6 {
Kasparov geeft hier de voorkeur aan 5....Lg4.} 6. Be3 cxd4 7. cxd4 Nc6 8. Nc3
Qd6 9. a3 Be7 10. Bd3 {Alleen al de afgelopen twee maanden heeft Jonkman deze
stelling al drie keer gehad. Mijn voorbereiding was voor een groot deel
gebaseerd op het analyseren van een recente partij Jonkman-Tiviakov. Ik had de
grote lijn onthouden. Zwart zet zijn loper op b7, zijn torens op d8 en e8, de
loper van e7 gaat via f8 naar g7, en evt. het paard op c6 via e7 naar f5.} O-O
$2 {Het vraagteken is niet omdat de zet fout is, maar omdat ik mijn eigen
voorbereiding om zeep help. Tiviakov speelde eerst b7-b6. Ik snap nu waarom.}
11. Qc2 $1 {Hier wordt ook vaak 11.0-0 gespeeld (ook door Jonkman tot voor
kort) waarna zwart met b7-b6 de gewenste opstelling kan innemen.} Rd8 ({
Gelukkig zag ik bijtijds dat het fianchetteren van de loper onmogelijk was.} 
11... b6 12. Ne4 ({Ik zie nu trouwens dat wit ook nog een sterk alternatief
heeft} 12. Nb5 Qd7 13. Ne5 Nxe5 14. dxe5 Nd5 15. Bxh7+ Kh8 16. Bd3 $16) 12...
Nxe4 13. Bxe4 Bb7 14. Bxh7+ Kh8 15. Be4 $16) ({Ik overwoog ook nog} 11... g6 {
maar wit heeft niet gerokeerd en ik was dan een beetje bang voor} 12. h4 {
maar misschien valt dat mee.}) 12. Rd1 Bd7 13. O-O Rac8 14. Rfe1 Be8 15. Bc1 {
Tot nu toe had Jonkman alles a tempo gespeeld, soms zelfs zonder eerst mijn
zet op te schrijven. Ook de tekst zet had hij al eerder gespeeld.} g6 {Nieuw
en dus waarschijnlijk minder goed dan bekende alternatieven. Ik vond het zelf
wel aardig omdat ik een kwaliteitsoffer gezien had.} ({Na} 15... Qc7 {werd een
partij Jonkman-Dorfman remise gegeven. Ik dacht dat dan misschien 16. d5 een
interessante zet was.}) ({Het meest gebruikelijk blijkt eerst} 15... h6 {
te zijn en dan pas de loper naar g7 werken.}) 16. Qe2 Bf8 17. Bg5 Bg7 18. Ne4
Nxe4 $1 ({Na} 18... Qe7 {staat zwart natuurlijk slecht door de lastige penning.
}) 19. Bxe4 {Na lang denken ziet Jonkman af van kwaliteitswinst.} (19. Bxd8
Nxf2 20. Qxf2 Rxd8 21. Bb5 (21. Be4 $6 f5) 21... a6 22. Bxc6 Bxc6 {en zwart
heeft voldoende compensatie.}) 19... Rd7 (19... f6 20. d5 $1) 20. d5 exd5 21.
Bxd5 Qf8 {Andere damezetten zijn minder. De tkstzet houdt een dameoffer in
waarvan ik hoopte dat Jonkman het zou aannemen.} 22. Bxc6 {22.h4 maar bijv. 22.
Td3 ziet er ook aardig uit.} Rxd1 23. Be7 Rxe1+ 24. Qxe1 Bxc6 25. Bxf8 Rxf8 {
Jonkman begon nu zeer lang na te denken en ik was dik tevreden. Volgens mij
loopt zwart geen enkel risico.} 26. Qd2 Bf6 $1 {Volgens de methode Ulf
Andersson (waar moeten de stukken staan) had ik ontdekt dat mijn toren het
beste op d5 kan staan, zodat het paard niet naar centrale velden kan.} 27. h3
Kg7 28. b3 h6 29. a4 Rd8 30. Qe3 a6 31. Kh2 Rd5 32. Nd2 $6 Bd4 33. Qe2 Re5 34.
Qf1 Rf5 {met remiseaanbod wat na een minuut of 10 aangenomen werd.} 1/2-1/2

[Event "Euwe-Amstelveen"]
[Site "?"]
[Date "2002.04.06"]
[Round "8"]
[White "Okkes, Menno"]
[Black "Witt, Rob"]
[Result "0-1"]
[WhiteElo "2380"]
[BlackElo "2234"]
[Annotator "Witt,Rob"]
[PlyCount "124"]

{Graag had ik hier met enige trots mijn eerste winst in de meesterklasse laten
zien. Helaas, het is mijn slechtste partij van het knsb-seizoen. Ik sta de
hele middag met mijn rug tegen de muur na een mislukte opening. Op zet 36 sta
ik nog slecht, op zet 38 gelijk, op zet 40 beter en op zet 42 op winst. Ik heb
al vaker betoogd dat de uitslagen in de meeste van mijn partijen door
toevalligheden tot stand komen. Goeie partijen zoals tegen Nikolic en Gurevich
gaan verloren en deze win ik zonder er veel voor gedaan te hebben. Het blijft
een geluksspel. Graag had ik hier met enige trots mijn eerste winst in de
meesterklasse laten zien. Helaas, het is mijn slechtste partij van het
knsb-seizoen. Ik sta de hele middag met mijn rug tegen de muur na een mislukte
opening. Op zet 36 sta ik nog slecht, op zet 36 gelijk, op zet 40 beter en op
zet 42 op winst. Ik heb al vaker betoogd dat de uitslagen in de meeste van
mijn partijen door toevalligheden tot stand komen. Goeie partijen zoals tegen
Nikolic en Gurevich gaan verloren en deze win ik zonder er veel voor gedaan te
hebben. Het blijft een geluksspel.} 1. e4 c5 2. Nf3 e6 3. c4 Nc6 {Paul Janse
rtelde me na afloop dat hij dit achterwege liet en probeerde een hedgehog te
bereiken. Bij mij komt dat ook op het bord maar er is dan een stel paarden
geruild. Ik had al eerder ondervonden dat dat waarschijnlijk in zwarts nadeel
is. Toch kan de tekstzet niet slecht zijn. Tijdens de Chinees waar buurman Rik
en ik van een Pekingeend genoten, dacht Rik dat zwart hier d5 kon spelen.
Volgens mij werd dat hier nooit gespeeld en ikmschijn gelijk te hebben.} 4. Nc3
Nf6 5. Be2 a6 (5... Qb6 {schijnt ook interessant te zijn.}) 6. O-O Qc7 7. a3 (
7. d4 cxd4 8. Nxd4 Bb4 {leidt tot een bekende stelling maar die wil wit met
zijn zetvolgorde juist vermijden.}) 7... b6 {Deze zet is op zich niet slecht
maar psychologisch onverstandig. Wit krijgt nu precies de stelling die hij
vanaf zet 3 al wilde bereiken. Beter was bijv.} (7... Nd4) 8. d4 cxd4 9. Nxd4
Bb7 10. Nxc6 Bxc6 ({Het solide} 10... dxc6 {leek me wat te saai.}) (10... Qxc6
{was waarschijnlijk de beste.}) 11. Qd3 Be7 (11... Bd6 12. f4 e5 13. f5 Bc5+ {
was beter geweest.}) 12. Be3 d6 13. Rac1 {dreigt 14.Pd5!} Qb7 14. f3 O-O 15.
Rfd1 Rfd8 16. Kh1 h6 17. a4 Ne8 18. Qc2 Rab8 (18... Bf6 $5) 19. b4 Rdc8 20. b5
axb5 21. cxb5 Bd7 22. Qb3 Nf6 $6 (22... Bf6 {en er is weinig aan de hand.}) 23.
Na2 Rxc1 24. Rxc1 Bd8 25. Nb4 Rc8 26. Rxc8 Qxc8 27. Qd3 Ne8 28. Na6 Kf8 $6 29.
h3 Ke7 $2 30. Bf4 (30. f4 $1) 30... Qa8 31. Bd2 (31. e5 Qd5 32. Qc3 dxe5 33.
Bxe5 f6 34. Bg3 e5 35. Nb8 Be6 36. Nc6+ Kf7 $16) 31... Bc8 32. Bb4 Kd7 $6 33.
Bd1 (33. e5 $1) 33... Bb7 34. Bb3 Qc8 35. Kh2 Qa8 36. e5 Be7 {Merkwaardig dat
wit met nog 14' op de klok nu binnen enkele zetten instort.} 37. Bc4 (37. a5 $1
) 37... Qd8 38. Qe3 $2 (38. Qd4 $16) 38... dxe5 39. Bxe7 $2 {Elke andere zet
is nog gelijk spel.} Kxe7 40. Qxe5 Qd6 {Inmiddels staat zwart beter.} 41. f4 $2
{Alweer een rotte die vergezeld werd van een remiseaanbod dat ik beleefd
afsloeg.} Qd2 42. Bf1 Nd6 (42... Qf2 {was nog sterker geweest. Dat was ook
mijn eerste gedachte. Ik weet niet meer waarom ik het naliet.}) 43. Nb8 $2 {
Ik kon aan zijn lichamstaal zien dat wit het helemaal niet meer zag zitten.
Beter was} (43. Qxg7 Qxf4+ 44. Kg1 Nf5 45. Qb2 {en wit kan nog vechten.}) 43...
f6 $19 44. Qa1 Qxf4+ 45. Kg1 Nxb5 46. Nc6+ Bxc6 47. axb5 Qe3+ 48. Kh2 Bd5 49.
Qa7+ Kf8 50. Qb8+ Kf7 51. Bc4 Qe5+ 52. Qxe5 fxe5 {De rest spreekt vanzelf.} 53.
Be2 Ke7 54. Kg3 Kd6 55. Kf2 Kc5 56. g3 Bc4 57. Bg4 Kxb5 58. Ke3 Kc5 59. h4 b5
60. Bd1 b4 61. Bc2 Ba2 62. Ke4 Kd6 0-1

[Event "Euwe intern 01/02"]
[Site "?"]
[Date "2002.04.25"]
[Round "26"]
[White "Blanchard, Jacky"]
[Black "Witt, Rob"]
[Result "0-1"]
[WhiteElo "2180"]
[BlackElo "2234"]
[Annotator "Witt,Rob"]
[PlyCount "93"]

{Onlangs begon ik aan de top 4 van de interne. Zelf heb allang geen kansen
meer en moet ik me beperken tot het lastigvallen van de top. Dat verloopt met
wisselend succes. Eerst versloeg ik Alje, vervolgens een nederlaag tegen Piet,
nu weer een winstpartij tegen Jacky, en volgende week dus een ......? tegen
Arne Moll.} 1. d4 d5 {Dit kostte Jacky 5 minuten. Toen ging zijn hand naar de
e-pion en ik dacht: Aeha, Blackmar-Diemergambiet.} 2. e3 {Helaas, Jacky wil
het vanavond solide aanpakken.} g6 {Ik wilde nog geen Pf6 doen omdat ik
vermoedde dat Jacky een Stonewallopstelling wilde innemen. In dat geval zet ik
mijn paard liever op h6.} 3. Nf3 Bg7 4. Be2 c5 5. c3 {Dus ook geen overgangen
naar de Grunfeld. Het wordt een soort Gesloten Katalaans in de voorhand.} Qc7 {
Misschien is Pbd7 iets nauwkeuriger.} 6. O-O Nd7 7. b3 Ngf6 8. Bb2 O-O 9. Nbd2
b6 10. c4 cxd4 11. Bxd4 {Jacky blijft het akelig solide spelen. Ik hoopte
natuurlijk op exd4 waarna de remisemarge wat kleiner wordt.} Ba6 $6 {Dit lijkt
me achteraf toch minder goed dan we allebei na afloop dachten.} (11... e5 12.
Bb2 e4 13. Nd4 dxc4 {Met gelijke kansen.}) ({Ook gewoon} 11... Bb7 12. Rc1 Qd6
{is niks bijzonders voor wit.}) 12. Rc1 $6 ({Iets beter voor wit lijkt me} 12.
cxd5 Bxe2 13. Qxe2 Nxd5 14. Rac1 Qb7 15. Bxg7 Kxg7 16. e4) 12... Rac8 13. Bb2
Qd6 14. cxd5 (14. Rc2 {lijkt me geschikter om nog wat spel in de stelling te
houden.}) 14... Rxc1 15. Bxc1 Bxe2 16. Qxe2 Nxd5 17. Qa6 $2 {Hier had wit ten
onrechte op vertrouwd en hij speelde hem dan ook a tempo. Gelukkig had ik een
zet verder gekeken. Beter was} (17. Nc4 Qe6 18. Bb2 {met volkomen gelijk spel.}
) 17... Nc7 $6 {Dit had Jacky overzien. Nog sterker was echter} (17... Nc5 $1
18. Qa3 (18. Qxa7 $2 Qc6 19. e4 Nxe4 20. Qa6 Nec3 {is duidelijk beter voor
zwart.}) 18... Nc3 19. Bb2 a5 {en zwart staat iets beter.}) 18. Qa3 Nc5 19. Nc4
Qc6 20. Nce5 $2 ({Beter was} 20. Qxa7 Ra8 21. Qxb6 Qxb6 22. Nxb6 Rxa2 23. b4
Nd3 24. Bd2 Nb5 {en zwart heeft voldoende compensatie voor de pion maar niet
meer.}) 20... Qb7 {A tempo gespeeld. Fritz heeft een betere suggestie:} (20...
Qe4 $1 {en het is moeilijk te zien hoe wit nu moet spelen.}) 21. Qb4 Qd5 22.
Bb2 N7e6 ({Sterker lijkt me achteraf} 22... f6 23. Nc4 e5) 23. Qh4 $2 {Hier
heeft de dame niks te zoeken, al is er nog steeds niet veel aan de hand.
Beiden hebben hier nog een kwartiertje voor de resterende 17 zetten.} Re8 (
23... Bf6 {jaagt de dame alleen maar weer terug naar de damevleugel. Ik hoopte
de dame op te sluiten op de koningsvleugel.}) 24. Nc4 Ne4 25. Bxg7 Kxg7 26. Nb2
g5 ({Eerst} 26... Qf5 $5 {was ook interessant.}) 27. Qh3 Rd8 28. Nd4 $6 {
Met nog 3' op de klok besluit wit een pion te geven om de druk te verlichten.
Nodig was het nog niet.} ({Ik had gezien dat op} 28. g3 Nf6 29. Qg2 g4 30. Nh4
Qxg2+ 31. Kxg2 Rd2 {kon volgen met een zeer goed eindspel.}) (28. Nc4 {had
echter nog gekund, bijv.} h5 $5 {Hier was Jacky bang voor.} 29. Nd4 {(enige
zet)} g4 ({Na} 29... Nxd4 30. exd4 g4 31. Qe3 Qxd4 32. Qf4 {kan wit nog aardig
rommelen.}) 30. Nxe6+ Qxe6 31. Qh4 (31. Qxh5 $2 f5 $1 {gevolgd door Th8.})
31... b5 32. Na3 Rd5 33. Nc2 {en Wit kan nog taai verdedigen.}) 28... Nxd4 29.
exd4 Qxd4 30. Nc4 Nd2 (30... e6 $5) 31. Ne3 e6 32. Rd1 h6 {Tijdnood.} (32...
Qf4 $1 33. Qh5 Ne4 $1) 33. Qh5 Qe4 34. h3 Rd4 35. Kh2 $2 (35. Qe2 Qd3 36. Qe1)
35... Qf4+ 36. Kg1 Qf6 (36... Ne4 $1 37. Rxd4 $2 (37. Rf1 $17) 37... Qxf2+ 38.
Kh2 Qf4+ 39. Kh1 Nf2+ (39... Ng3+ {wint natuurlijk ook.}) 40. Kg1 Qxe3 $19) 37.
Qe2 Ne4 38. Rf1 (38. Rxd4 {was relatief nog het beste geweest.}) 38... Rd2 39.
Qe1 Qd4 (39... Rxa2 40. Qb1 Nc3 {was wel zo simpel geweest.}) 40. a3 Qd3 {
De latste zet vor de tijdcontrole.} (40... Ra2 {met de dreiging Pd2 was
opnieuw sterker geweest.}) 41. Nc4 Ra2 {Eindelijk, maar nu minder goed!} (41...
Re2 $1 42. Qa1+ f6 {wint eenvoudig.}) 42. a4 f6 $6 43. Qb4 Nc5 44. a5 Qxb3 45.
Qxb3 Nxb3 46. axb6 axb6 47. Nxb6 {Zo dat heb ik weer aardig verprutst. Dit
eindspel is helemaal niet zomakkelijk. Er is verder niet meer genoteerd. De
torens werden geruild (was dat wel verstandig?) en uiteindelijk won ik in de
uitvluggerfase na nog een onduidelijk pionoffer gebracht te hebben.} 0-1